000 00293nam a2200109Ia 4500
008 220204s9999 xx 000 0 und d
082 _a929A/Z(ABB)
_bABB
100 _aAbbas, K A
245 0 _aI am not an island: An experiment in autobiography
260 _aNew Delhi
_bVikas
_c1977
942 _cBK
999 _c28774
_d28774